000 00398nam a22001577a 4500
999 _c47904
_d47904
005 20181114162222.0
020 _a81-89020-41-2
_c150.00
035 _aB-227494
035 _aB-227527
082 _aS-SHA
100 _aSharma, Partap
245 _aSurangini /
_cby Partap Sharma
260 _aNew Delhi
_bKatha
_c2005
300 _aVarious paging
_b28cm. (Hb)
_cillu.
942 _2ddc
_cCH
_hS-SHA